000
00304nam a2200133Ia 4500
005
20251222155044.0
008
251222s9999||||xx |||||||||||||| ||spa||
082
_a
ANT.25
100
_a
Y MEZA Jaime Javier
245
0
_a
Biblioteca de Oro Cancer
250
_a
1ra. ed.
264
_b
Fenix
942
_c
LIB
999
_c
37019
_d
37019